[Event "ACP Cup 2013"]
[Site "Riga LAT"]
[Date "2013.09.13"]
[Round "1.2"]
[White "Nepomniachtchi, Ian"]
[Black "Moiseenko, Alexander"]
[Result "1-0"]
[WhiteTitle "GM"]
[BlackTitle "GM"]
[WhiteElo "2717"]
[BlackElo "2706"]
[WhiteFideId "4168119"]
[BlackFideId "14102560"]
[EventDate "2013.09.13"]

1. e4 c5 2. Nf3 Nc6 3. Bb5 g6 4. O-O Bg7 5. Bxc6 bxc6 6. Re1 Nh6 7. c3 O-O 8. d4
cxd4 9. cxd4 f6 10. Nc3 Nf7 11. Be3 d6 12. h3 Qa5 13. Qd2 Bd7 14. Rac1 Rfe8 15.
b3 Rad8 16. Qb2 f5 17. Bd2 fxe4 18. Nxe4 Qd5 19. Qa3 Ra8 20. Qa6 Nd8 21. Nc3 Qf5
22. Re4 Ne6 23. Rce1 d5 24. Re5 Bxe5 25. Rxe5 Qf6 26. Qe2 Rf8 27. Bh6 Rf7 28.
Qe3 Ng7 29. Bg5 Qd6 30. Ne2 Re8 31. Bf4 Qa3 32. Qd2 Ref8 33. Kh2 Nh5 34. Rxh5
gxh5 35. Be5 Bf5 36. Nh4 Bg6 37. Qg5 Rf6 38. f4 Qxa2 39. Ng3 Qd2 40. Nxh5 a5 41.
Nxf6+ exf6 42. Bxf6 Rxf6 43. Qxf6 Be4 44. Qg5+ Kf7 45. Nf5 Bxf5 46. Qxf5+ Kg7
47. Qe5+ Kf7 48. f5 Qf2 49. Qe6+ Kf8 50. Qh6+ Kg8 51. f6 Kf7 52. Qg7+ Ke6 53.
Qg8+ Kd7 54. Qxh7+ Kc8 55. Qh6 c5 56. Qf8+ Kb7 57. Qe7+ Ka6 58. Qd6+ 1-0

[Event "ACP Cup 2013"]
[Site "Riga LAT"]
[Date "2013.09.15"]
[Round "3.1"]
[White "Svidler, Peter"]
[Black "Grischuk, Alexander"]
[Result "0-1"]
[WhiteTitle "GM"]
[BlackTitle "GM"]
[WhiteElo "2746"]
[BlackElo "2785"]
[WhiteFideId "4102142"]
[BlackFideId "4126025"]
[EventDate "2013.09.13"]

1. e4 c5 2. Nf3 Nc6 3. Bb5 e6 4. O-O Nge7 5. Re1 Nd4 6. Nxd4 cxd4 7. d3 a6 8.
Ba4 b5 9. Bb3 Nc6 10. Nd2 Bb7 11. h3 Rc8 12. a4 Bb4 13. Qg4 Qf6 14. axb5 axb5
15. Qh5 Qe5 16. Qh4 Qf6 17. Qh5 Qe5 18. Qh4 Qc5 19. Qg3 O-O 20. e5 Kh8 21. Ne4
Qxe5 22. Bf4 Qh5 23. c3 Be7 24. Nd6 Bxd6 25. Bxd6 Rfe8 26. c4 bxc4 27. Bxc4 Ne7
28. Qg4 Qg6 29. Ra7 Bc6 30. b4 Nf5 31. Bh2 Ra8 32. Qxg6 hxg6 33. Rea1 d5 34.
Rxa8 Bxa8 35. Bb5 Rc8 36. Bd7 Rd8 37. Ra7 f6 38. g4 Nh4 39. Bd6 Bc6 40. Bxc6
Rxd6 41. b5 Nf3+ 42. Kg2 Ne1+ 43. Kf1 Nxd3 44. Rd7 Rxd7 45. Bxd7 Nc5 46. Bc8 Kg8
47. b6 Kf7 48. b7 Na6 49. f4 g5 50. f5 e5 51. Be6+ Ke7 52. Bxd5 Kd6 53. Bc4 Nb8 0-1

[Event "ACP Cup 2013"]
[Site "Riga LAT"]
[Date "2013.09.15"]
[Round "3.1"]
[White "Ponomariov, Ruslan"]
[Black "Nepomniachtchi, Ian"]
[Result "1-0"]
[WhiteTitle "GM"]
[BlackTitle "GM"]
[WhiteElo "2756"]
[BlackElo "2717"]
[WhiteFideId "14103320"]
[BlackFideId "4168119"]
[EventDate "2013.09.13"]

1. d4 Nf6 2. c4 g6 3. Bg5 Bg7 4. Nc3 d5 5. e3 Ne4 6. Bh4 c5 7. cxd5 Nxc3 8. bxc3
Qxd5 9. Nf3 cxd4 10. cxd4 Nc6 11. Be2 O-O 12. O-O e5 13. dxe5 Qxd1 14. Rfxd1
Nxe5 15. Nd4 Bd7 16. Rab1 b6 17. h3 Ba4 18. Rdc1 Rfc8 19. Ba6 Rxc1+ 20. Rxc1 Nd7
21. Be7 Re8 22. Ba3 Nb8 23. Bb5 Bxb5 24. Nxb5 a6 25. Nd6 Rd8 26. Nb7 Re8 27. Rc7
Be5 28. Bd6 Bg7 29. f4 b5 30. Kf2 h5 31. Kf3 f5 32. g4 hxg4+ 33. hxg4 fxg4+ 34.
Kxg4 Bf8 35. Be5 Re6 36. Nd8 Re7 37. Kg5 Nd7 38. Bd6 Rg7 39. Rc6 Bxd6 40. Rxd6
Nf8 41. e4 a5 42. e5 b4 43. Nc6 Rh7 44. e6 Rh5+ 45. Kg4 Nh7 46. Rd8+ Kg7 47.
Rd7+ Kf6 48. Nd4 Ng5 49. fxg5+ 1-0

[Event "ACP Cup 2013"]
[Site "Riga LAT"]
[Date "2013.09.15"]
[Round "3.4"]
[White "Nepomniachtchi, Ian"]
[Black "Ponomariov, Ruslan"]
[Result "1-0"]
[WhiteTitle "GM"]
[BlackTitle "GM"]
[WhiteElo "2717"]
[BlackElo "2756"]
[WhiteFideId "4168119"]
[BlackFideId "14103320"]
[EventDate "2013.09.13"]

1. c4 g6 2. Nc3 Bg7 3. d4 Nf6 4. e4 d6 5. Nf3 O-O 6. h3 Qe8 7. g4 Na6 8. Bg5 c5
9. Qd2 b6 10. Rd1 cxd4 11. Nxd4 Bb7 12. f3 Nc5 13. Bh6 a6 14. Be2 Rd8 15. h4 e5
16. Nf5 Bxh6 17. Qxh6 Ne6 18. Nd5 Nxd5 19. cxd5 gxf5 20. gxf5 Kh8 21. Qf6+ Ng7
22. Rg1 Rg8 23. h5 1-0